{"text_format":"3","workbook":"xlsx","n_sheets":1,"sheets":["报价表"],"not_rendered":{"defined_names":1},"read":"whole","date_system":"1900"}

{"sheet":"报价表","index":0,"n_rows":34,"n_cols":11,"rows_kept":34,"merged":[[0,0,0,10],[2,0,3,0],[2,1,3,1],[2,2,3,2],[2,3,3,3],[2,4,3,4],[2,5,3,5],[2,6,2,7],[2,8,2,9],[24,2,24,10],[25,1,25,10],[26,1,26,10],[27,1,27,10],[28,1,28,10],[29,1,29,10],[30,1,30,10],[32,6,32,7],[32,8,32,10],[33,6,33,7],[33,8,33,10]]}
["铜冠建安产业升级基地项目起重机械搬迁劳务分包报价表"]
[]
["序号","项目名称","型号","工作内容","数量","单位","最高限价(元)",null,"报价(元)"]
[{"$nulls":6},"单价","合价","单价","合价","备注"]
[1,"电动葫芦门式起重机（钢构室外堆场）","MH16-18","1、拆卸；\n2、倒运。",1,"台",27000,{"$f":"G5*E5","v":27000}]
[2,"电动单梁起重机\n（钢构门窗）","LD10-15A3","1、拆卸；\n2、倒运。",1,"台",13500,13500]
[3,"电动单梁起重机\n(钢构扩建车间)","LD5-25.5A3","1、拆卸；\n2、倒运。",2,"台",11700,23400]
[4,"电动葫芦门式起重机（钢构车间生产线）","BMH-5-12A5","1、拆除、大修、安装。\n2、倒运；\n3、保证良好的技术性能，配合特检院检验合格；不包含除锈防腐处理。",4,"台",38700,154800]
[5,"通用桥式起重机\n（钢构扩建车间）","QD10-25.5A5","1、拆除、大修、安装。\n2、倒运；\n3、保证良好的技术性能，配合特检院检验合格；不包含除锈防腐处理。",2,"台",49000,98000]
[6,"电动单梁起重机\n（钢构彩板车间）","LDA10-16.5","1、拆除、大修、安装。\n2、倒运；\n3、保证良好的技术性能，配合特检院检验合格；不包含除锈防腐处理。",1,"台",22500,22500]
[7,"通用桥式起重机\n（钢构生产车间）","QD10-28.5A5","1、拆除、大修、安装。\n2、倒运；\n3、保证良好的技术性能，配合特检院检验合格；不包含除锈防腐处理。",7,"台",49000,343000]
[8,"通用桥式起重机","QD16/3.2-19.5A5","1、拆卸；\n2、倒运。",1,"台",31500,31500]
[9,"电动单梁起重机","LD10-22.5A3","1、拆除、大修、安装。\n2、倒运；\n3、保证良好的技术性能，配合特检院检验合格；不包含除锈防腐处理。",1,"台",22500,22500]
[10,"电动单梁起重机","LD5-13.5A3","1、拆卸；\n2、倒运。",1,"台",11000,11000]
[11,"通用门式起重机","MG20/5-26A5","1、拆卸；\n2、倒运。",1,"台",49000,49000]
[12,"电动单梁起重机","LD10-16.5A3","1、拆卸；\n2、倒运。",1,"台",13500,13500]
[13,"电动单梁起重机","LD5-16.5A3","1、拆除、大修、安装。\n2、倒运；\n3、保证良好的技术性能，配合特检院检验合格；不包含除锈防腐处理。",1,"台",18900,18900]
[14,"电动单梁起重机","LD5-16.5A3","1、拆卸；\n2、倒运。",1,"台",11700,11700]
[15,"轨道拆除","38kg","1、拆卸；\n2、倒运。",2100,"米",35,73500]
[16,"轨道拆除","43kg","1、拆卸；\n2、倒运。",420,"米",35,14700]
[17,"轨道安装","38kg","1、安装；\n2、倒运。",560,"米",44,24640]
[18,"滑触线拆除",null,"1、拆卸；\n2、倒运。",3900,"米",9,35100]
[19,"滑触线安装","DHG-4-35","1、安装；\n2、倒运。",220,"米",23,5060]
[null,"合 计",{"$nulls":5},{"$f":"SUM(H5:H23)","v":993300}]
[null,"大 写"]
["说明","1、倒运至铜冠建安产业升级基地，包含必要的人工费、机械费、运输措施、道路封堵与交管部门协调措施等。"]
[null,"2、所有拆除均为保护性拆除，确保所拆设备无损坏。"]
[null,"3、大修是对已经拆除的起重机械更换元器件、电气设备、线路、机械零部件等进行检查、检修、清洗、换油、保养等，"]
[null,"保证设备具有良好的技术性能通过特检院检验并能投入使用。不含元器件、电气设备、线路、机械零部件的主材、设备费。"]
[null,"4、本报价为不含税全费用综合单价，“报价单价”均不得超过对应的“最高限价单价”。"]
[null,"5、招标单位有权根据施工进度、工期需求等因素调整工程量及工作内容。"]
[]
[{"$nulls":6},"报价单位"]
[{"$nulls":6},"日    期"]